[Event "Budapest Vezerkepzo IM 11"]
[Site "Budapest"]
[Date "2021.11.24"]
[Round "7"]
[White "Graif, William"]
[Black "Jakab, Attila"]
[Result "1-0"]
[WhiteElo "2216"]
[BlackElo "2326"]
[PlyCount "95"]
[EventDate "2021.11.18"]
[EventType "tourn"]
[EventRounds "9"]
[EventCountry "HUN"]
[SourceTitle "CBM 205 Extra"]
[Source "ChessBase"]
[SourceDate "2022.01.31"]
[SourceVersion "1"]
[SourceVersionDate "2022.01.31"]
[SourceQuality "1"]

1. e4 c5 2. Nf3 g6 3. d4 Bg7 4. dxc5 Qa5+ 5. c3 Qxc5 6. Na3 b6 7. Nb5 Bb7 8. Bf4 d6 9. Bxd6 exd6 10. Nxd6+ Ke7 11. Nxb7 Qc7 12. e5 Nc6 13. Ba6 Rb8 14. 0-0 Nxe5 15. Re1 Kf8 16. Qd6+ Qxd6 17. Nxd6 Nxf3+ 18. gxf3 Nh6 19. Rad1 Rd8 20. Nc8 Bf6 21. Rxd8+ Bxd8 22. Nxa7 Nf5 23. Nc6 Bf6 24. Re4 Kg7 25. Rb4 Re8 26. Kf1 Re6 27. Bb7 Rd6 28. Ke2 Bg5 29. f4 Re6+ 30. Kd3 Bh4 31. Rxb6 Bxf2 32. Rb4 Bg1 33. a4 Nd6 34. Nd4 Re3+ 35. Kd2 Rh3 36. a5 Rxh2+ 37. Kd3 Rh5 38. f5 Nxf5 39. a6 Nxd4 40. cxd4 Ra5 41. Rc4 f5 42. b4 Ra3+ 43. Kc2 f4 44. b5 f3 45. Bxf3 Rxf3 46. b6 Ra3 47. Rc7+ Kh6 48. b7 1-0

[Event "Budapest Vezerkepzo IM 11"]
[Site "Budapest"]
[Date "2021.11.23"]
[Round "6"]
[White "Jakab, Attila"]
[Black "Daroczi, Donat"]
[Result "1-0"]
[WhiteElo "2326"]
[BlackElo "2220"]
[PlyCount "97"]
[EventDate "2021.11.18"]
[EventType "tourn"]
[EventRounds "9"]
[EventCountry "HUN"]
[SourceTitle "CBM 205 Extra"]
[Source "ChessBase"]
[SourceDate "2022.01.31"]
[SourceVersion "1"]
[SourceVersionDate "2022.01.31"]
[SourceQuality "1"]

1. d4 e6 2. c4 b6 3. Nc3 Bb7 4. Nf3 f5 5. a3 Nf6 6. g3 Ne4 7. Qc2 Be7 8. Bg2 Nxc3 9. Qxc3 0-0 10. 0-0 a5 11. b3 Bf6 12. Bb2 d6 13. Rad1 Nd7 14. Qc2 Be4 15. Qc1 Qe7 16. Ne1 Bxg2 17. Nxg2 g6 18. Rfe1 Qg7 19. Qe3 Rae8 20. Qf3 g5 21. Qc6 Nb8 22. Qb7 Qd7 23. Qf3 Nc6 24. e4 Bg7 25. exf5 Rxf5 26. Qh5 Qf7 27. Qxf7+ Rxf7 28. f4 h6 29. Rd2 Rfe7 30. h4 e5 31. dxe5 gxf4 32. Nxf4 Bxe5 33. Bxe5 Rxe5 34. Rxe5 Nxe5 35. Kg2 a4 36. bxa4 Nxc4 37. Rd4 b5 38. axb5 Nxa3 39. b6 Nc2 40. Rd2 Ne3+ 41. Kf3 Nc4 42. Rc2 Ne5+ 43. Ke4 cxb6 44. Kf5 b5 45. Nd5 Rf8+ 46. Ke6 Rf3 47. Nf6+ Kg7 48. Rc7+ Kg6 49. h5+ 1-0

[Event "Budapest Vezerkepzo IM 11"]
[Site "Budapest"]
[Date "2021.11.18"]
[Round "1"]
[White "Jakab, Attila"]
[Black "Borsuk, Konstantin"]
[Result "1/2-1/2"]
[WhiteElo "2326"]
[BlackElo "2432"]
[PlyCount "119"]
[EventDate "2021.11.18"]
[EventType "tourn"]
[EventRounds "9"]
[EventCountry "HUN"]
[SourceTitle "CBM 205 Extra"]
[Source "ChessBase"]
[SourceDate "2022.01.31"]
[SourceVersion "1"]
[SourceVersionDate "2022.01.31"]
[SourceQuality "1"]

1. d4 Nf6 2. c4 e6 3. Nc3 Bb4 4. e3 0-0 5. Bd3 Re8 6. Nf3 d5 7. 0-0 c6 8. Qe2 Nbd7 9. Rd1 e5 10. dxe5 Nxe5 11. Nxe5 Rxe5 12. cxd5 cxd5 13. h3 Bd7 14. a3 Bxc3 15. bxc3 Qc8 16. c4 Ba4 17. Re1 dxc4 18. Bxc4 Bc6 19. Bd3 Ne4 20. f3 Nc5 21. Bc4 Na4 22. e4 Bb5 23. Bxb5 Qc5+ 24. Be3 Qxb5 25. Qxb5 Rxb5 26. Rab1 Rb2 27. Bd4 Rd2 28. Be3 Rb2 29. Rxb2 Nxb2 30. Rc1 b5 31. Bxa7 h6 32. Bd4 Nc4 33. Bc5 Kh7 34. Rd1 Rc8 35. Bb4 Ne3 36. Rd3 Rc1+ 37. Kf2 Nc4 38. Rd7 Rc2+ 39. Kg3 Ne3 40. Rxf7 Rxg2+ 41. Kf4 Nc2 42. Rb7 Nd4 43. Ke3 Nc2+ 44. Kd3 Nxb4+ 45. axb4 Rg3 46. Ke3 Rxh3 47. Rxb5 g5 48. Kf2 Kg6 49. Kg2 g4 50. Rf5 h5 51. b5 Rh4 52. f4 Rh3 53. Rg5+ Kh6 54. e5 Re3 55. b6 Rb3 56. e6 Rxb6 57. Re5 Rb8 58. e7 Re8 59. Kg3 Kg6 60. Kh4 1/2-1/2